000 01356cam1a220030100 4500
001 tmp15398912
003 UPRA
005 20190826084059.0
008 950804s1937 enk eng u
035 _a(Sirsi) r101858
035 _a(UPRA)tmp15398912
040 _cUPRA
050 0 _aD 20 Ham 1937?
245 0 0 _aUniversal history of the world /
_cwritten by one hundred and fifty of our foremost living authorities in all branches of historical knowledge.
260 _aLondon :
_bAmalgamated Press,
_c[1937?]
504 _aIncludes Bibliography
650 0 _aWorld history.
_6S29939.1
700 1 _aHammerton, J. A.
_6A59809.1
949 _aD 20 Ham 1937?
_vVOL. 3
_wlcc
_i33729000033485
_mMAIN
_p2500
_tBOOK
_lON-SHELF
949 _aD 20 Ham 1937?
_vVOL. 8
_wlcc
_i33729000033543
_mMAIN
_p2500
_tBOOK
_lON-SHELF
949 _aD 20 Ham 1937?
_vVOL. 4
_wlcc
_i33729000034590
_mMAIN
_p2500
_tBOOK
_lON-SHELF
949 _aD 20 Ham 1937?
_vVOL. 1
_wlcc
_i33729000034608
_mMAIN
_p2500
_tBOOK
_lON-SHELF
949 _aD 20 Ham 1937?
_vVOL. 7
_wlcc
_i33729000034657
_mMAIN
_p2500
_tBOOK
_lON-SHELF
949 _aD 20 Ham 1937?
_vVOL. 2
_wlcc
_i33729000034665
_mMAIN
_p2500
_tBOOK
_lON-SHELF
949 _aD 20 Ham 1937?
_vVOL. 5
_wlcc
_i33729000034715
_mMAIN
_p2500
_tBOOK
_lON-SHELF
949 _aD 20 Ham 1937?
_vVOL. 6
_wlcc
_i33729000034772
_mMAIN
_p2500
_tBOOK
_lON-SHELF
004 101858
999 _c156865
_d156865